| 000 | 00449nam a2200169Ia 4500 | ||
|---|---|---|---|
| 003 | LK-CoDNM | ||
| 008 | 010623t1949 xxu||||| |||| 00| 1 eng d | ||
| 040 |
_aLK-CoDNM _dLK-CoDNM _eLK-CoDNM |
||
| 041 | _aeng | ||
| 080 | _a392.3 (=96) FOR | ||
| 100 | _aFortes, Meyer | ||
| 245 | _aThe web of kinship among the tallensi | ||
| 260 |
_bInternational African institute _aLondon _c1949 |
||
| 300 | _b(xiv)358, 22 cm | ||
| 650 | _aCulture | ||
| 942 | _cBK | ||
| 999 |
_c101552 _d101552 |
||